Zahranično-obchodná spolupráca SR a ČĽR diplomová práca

Guardado en:
Detalles Bibliográficos
Autor principal: Krajčiová, Mariana
Autor Corporativo: Obchodná fakulta EU. Katedra medzinárodného obchodu
Otros Autores: Kašťáková, Elena, 1974-
Formato: Libro
Lenguaje:eslovaco
Publicado: Bratislava 2009
Etiquetas: Agregar Etiqueta
Sin Etiquetas, Sea el primero en etiquetar este registro!

MARC

LEADER 00000nam$a2200000$$$4500
001 0101255
005 20240318134000.1
041 0 |a slo 
044 |a SK 
245 1 0 |a Zahranično-obchodná spolupráca SR a ČĽR  |b diplomová práca  |c Mariana Krajčiová ; škol. Elena Kašťáková 
264 1 |a Bratislava  |c 2009 
300 |a 104 s. 
100 1 |a Krajčiová, Mariana 
700 1 |a Kašťáková, Elena, 1974- 
710 2 |a Obchodná fakulta EU. Katedra medzinárodného obchodu